Géographie de l'Europe par lettre - M - Statistiques

Statistiques générales
  • Ce quiz a été pris 464 fois
  • Le résultat moyen est 11 sur 20
Statistiques - réponses
Indice Réponse % Correct
Capitale espagnol Madrid
100%
Principauté méditérranéenne aux casinos et au grand-prix de Formule 1 Monaco
99%
Pays de l'ex-URSS, à l'est de la Roumanie Moldavie
91%
Capitale économique italienne Milan
86%
Capitale bavaroise Munich
82%
Île-état au sud de la Sicile, membre de l'UE depuis 2004 Malte
78%
Grande mer du sud, berceau de nombreuses civilisations antiques Mer {Méditerranée}
77%
Île portugaise de l'Atlantique, lieu de naissance de Cristiano Ronaldo Madère
76%
Montagne des hautes-pyrénées, connue pour son observatoire Pic du {Midi}
74%
Région historique du nord de la Grèce, Alexandre le Grand en fut roi Macédoine
67%
Plus grande île des Baléares Majorque
66%
Troisième ville la plus peuplée de Suède Malmö
64%
Île grecque des cyclades extrêmement touristique Mykonos
54%
Elle sépare la mer Noire et la mer Égée Mer de {Marmara}
31%
Région historique de l'est de la République tchèque Moravie
16%
Fleuve surtout bulgare chanté par Sylvie Vartan Maritza
14%
Rivière coulant à Moscou Moskova
11%
Land du nord-est de l'Allemagne Mecklembourg-Poméranie-Occidentale
8%
Région d'italie méridionale Molise
5%
Chaîne de montagnes partagée entre l'Allemagne et la République tchèque Monts {Métallifères}
3%
Aucun quiz correspondant
Distribution des résultats
% des personnes avec chaque résultat
Percentile par nombre de réponses
Votre historique - résultats
Vous n’avez pas pris ce quiz